<?xml version="1.0" encoding="UTF-8"?>
<record
    xmlns:xsi="http://www.w3.org/2001/XMLSchema-instance"
    xsi:schemaLocation="http://www.loc.gov/MARC21/slim http://www.loc.gov/standards/marcxml/schema/MARC21slim.xsd"
    xmlns="http://www.loc.gov/MARC21/slim">

  <leader>00688nam a2200157Ia 4500</leader>
  <controlfield tag="008">090124s9999    xx            000 0 und d</controlfield>
  <datafield tag="082" ind1=" " ind2=" ">
    <subfield code="b">28007</subfield>
    <subfield code="a">3722</subfield>
  </datafield>
  <datafield tag="245" ind1=" " ind2=" ">
    <subfield code="a"> &#x935;&#x941;&#x907; &#x926;&#x93F; &#x928;&#x947;&#x936;&#x928; (&#x935;&#x93E;&#x92F;&#x93E; &#x917;&#x947;&#x932;&#x947;&#x932;&#x940; &#x935;&#x930;&#x94D;&#x937;&#x947;) (&#x928;&#x93E;&#x928;&#x940; &#x92A;&#x93E;&#x932;&#x916;&#x940;&#x935;&#x93E;&#x932;&#x93E;)</subfield>
  </datafield>
  <datafield tag="250" ind1=" " ind2=" ">
    <subfield code="a">1</subfield>
  </datafield>
  <datafield tag="260" ind1=" " ind2=" ">
    <subfield code="c">1995</subfield>
  </datafield>
  <datafield tag="300" ind1=" " ind2=" ">
    <subfield code="a">297</subfield>
  </datafield>
  <datafield tag="630" ind1=" " ind2=" ">
    <subfield code="a"> &#x935;&#x941;&#x907; &#x926;&#x93F; &#x928;&#x947;&#x936;&#x928; (&#x935;&#x93E;&#x92F;&#x93E; &#x917;&#x947;&#x932;&#x947;&#x932;&#x940; &#x935;&#x930;&#x94D;&#x937;&#x947;) (&#x928;&#x93E;&#x928;&#x940; &#x92A;&#x93E;&#x932;&#x916;&#x940;&#x935;&#x93E;&#x932;&#x93E;)</subfield>
  </datafield>
  <datafield tag="700" ind1=" " ind2=" ">
    <subfield code="a">&#x935;&#x93E;&#x933;&#x93F;&#x902;&#x92C;&#x947; &#x935;&#x93F;.&#x938;.</subfield>
  </datafield>
  <datafield tag="730" ind1=" " ind2=" ">
    <subfield code="a"> &#x935;&#x941;&#x907; &#x926;&#x93F; &#x928;&#x947;&#x936;&#x928; (&#x935;&#x93E;&#x92F;&#x93E; &#x917;&#x947;&#x932;&#x947;&#x932;&#x940; &#x935;&#x930;&#x94D;&#x937;&#x947;) (&#x928;&#x93E;&#x928;&#x940; &#x92A;&#x93E;&#x932;&#x916;&#x940;&#x935;&#x93E;&#x932;&#x93E;)</subfield>
  </datafield>
  <datafield tag="942" ind1=" " ind2=" ">
    <subfield code="c">BOOK</subfield>
  </datafield>
  <datafield tag="999" ind1=" " ind2=" ">
    <subfield code="c">141469</subfield>
    <subfield code="d">141469</subfield>
  </datafield>
  <datafield tag="952" ind1=" " ind2=" ">
    <subfield code="0">0</subfield>
    <subfield code="1">0</subfield>
    <subfield code="4">0</subfield>
    <subfield code="7">0</subfield>
    <subfield code="a">THNMGS</subfield>
    <subfield code="b">THNMGS</subfield>
    <subfield code="d">0000-00-00</subfield>
    <subfield code="g">200.00</subfield>
    <subfield code="l">0</subfield>
    <subfield code="o">28007</subfield>
    <subfield code="p">THNMGS-28007</subfield>
    <subfield code="r">2009-01-24 00:00:00</subfield>
    <subfield code="v">200.00</subfield>
    <subfield code="w">2009-01-24</subfield>
    <subfield code="y">BOOK</subfield>
  </datafield>
</record>
